000 00719nam a2200217Ii 4500
003 JO-AjNU
008 230605s9999||||xx |||||||||||||| ||und||
017 _a2019/6/3070
040 _aJO-AjNU
_bara
_erda
_cJO-AjNU
041 _aara
050 1 4 _aPJ7826.H8 .A15.2019
100 3 _aالغول، فايز علي,
_eauthor
_962667
245 0 0 _aمن سواليف السلف: الدنيا حكايات
264 3 1 _aعمان: وزارة الثقافة، 2019
300 _a256ص
336 _atext
_btxt
_2rdacontent
337 _aunmediated
_bn
_2rdamedia
338 _avolume
_bnc
_2rdacarrier
490 0 _aالدنيا حكايات(3)
650 4 _aالقصص الشعبية-البلاد العربية
_962668
999 _aA28388
_c31956
_d31956